Andy Reid Coaching Tree - Statistics

General Stats
  • This quiz has been taken 9 times
  • The average score is 5 of 11
Answer Stats
Wins Team Coach % Correct
180 BAL John Harbaugh
100%
105 BUF Sean McDermott
88%
64 PHI Doug Pederson
75%
102 CAR Ron Rivera
75%
34 CHI Matt Nagy
63%
61 TBB Todd Bowles
63%
39 MIN Brad Childress
0%
4 HOU David Culley
0%
21 MIN Leslie Frazier
0%
19 CLE Pat Shurmur
0%
11 LAR Steve Spagnuolo
0%
No matching quizzes found
Score Distribution
Percent of People with Each Score
Percentile by Number Answered
Your Score History
You have not taken this quiz